La Defensoría en el territorio / (Registro nro. 7415)
[ vista simple ]
| 000 -LEADER | |
|---|---|
| fixed length control field | 00806nam a22002057a 4500 |
| 003 - CONTROL NUMBER IDENTIFIER | |
| control field | OSt |
| 005 - DATE AND TIME OF LATEST TRANSACTION | |
| control field | 20210302151623.0 |
| 008 - FIXED-LENGTH DATA ELEMENTS--GENERAL INFORMATION | |
| fixed length control field | 210302b2019 ck ao||gr|||| 00| 0 spa d |
| 020 ## - INTERNATIONAL STANDARD BOOK NUMBER | |
| International Standard Book Number | 9789588895987 |
| 040 ## - CATALOGING SOURCE | |
| Original cataloging agency | CO-JMCR |
| Transcribing agency | CO-JMCR |
| 082 04 - DEWEY DECIMAL CLASSIFICATION NUMBER | |
| Classification number | 303.66 / |
| Item number | D313d |
| Edition number | 23 |
| 110 2# - MAIN ENTRY--CORPORATE NAME | |
| Corporate name or jurisdiction name as entry element | Colombia. Defensoría del Pueblo |
| Relator term | autor |
| 9 (RLIN) | 3125 |
| 245 12 - TITLE STATEMENT | |
| Title | La Defensoría en el territorio / |
| Statement of responsibility, etc. | Defensoría del Pueblo ; Defensor del pueblo Carlos Alfonso Negret Mosquera ; fotografías Fred Solís |
| 260 ## - PUBLICATION, DISTRIBUTION, ETC. | |
| Place of publication, distribution, etc. | [Bogotá] : |
| Name of publisher, distributor, etc. | Defensoría del pueblo, |
| Date of publication, distribution, etc. | 2019 |
| 300 ## - PHYSICAL DESCRIPTION | |
| Extent | 187 páginas : |
| Other physical details | ilustraciones y fotografías a color ; |
| Dimensions | 31 x 31 cm. |
| 650 14 - SUBJECT ADDED ENTRY--TOPICAL TERM | |
| Topical term or geographic name entry element | Derechos humanos |
| 9 (RLIN) | 14257 |
| 650 24 - SUBJECT ADDED ENTRY--TOPICAL TERM | |
| Topical term or geographic name entry element | Defensoría del pueblo |
| 9 (RLIN) | 14258 |
| 700 1# - ADDED ENTRY--PERSONAL NAME | |
| Personal name | Negret Mosquera, Carlos Alfonso, |
| Relator term | Defensor del pueblo |
| 9 (RLIN) | 14259 |
| 942 ## - ADDED ENTRY ELEMENTS (KOHA) | |
| Source of classification or shelving scheme | Dewey Decimal Classification |
| Koha item type | Books |
| Withdrawn status | Lost status | Source of classification or shelving scheme | Damaged status | Not for loan | Home library | Current library | Shelving location | Date acquired | Source of acquisition | Total Checkouts | Full call number | Barcode | Date last seen | Date last checked out | Copy number | Price effective from | Koha item type |
|---|---|---|---|---|---|---|---|---|---|---|---|---|---|---|---|---|---|
| Dewey Decimal Classification | Biblioteca Pública José María del Castillo y Rada | Biblioteca Pública José María del Castillo y Rada | General Stacks | 02/25/2021 | Donación | 2 | 303.66 / D313d | 201810659 | 10/31/2025 | 10/31/2025 | Ej.1 | 02/25/2021 | Books |